000 00321nam a2200133Ia 4500
008 240624s9999 xx 000 0 und d
041 _aeng
082 _a823 DUR
100 _aDURRELL GERALD
245 _aMY FAMILY AND OTHER ANIMALS
260 _c2006
_aNew York
_bPuffin
300 _a386 : p. : cm. ; 20
365 _cRS
999 _c21075
_d21075